Living Landscapes : (Record no. 11543)
[ view plain ]
| 000 -LEADER | |
|---|---|
| fixed length control field | 00802nam a22001937a 4500 |
| 008 - FIXED-LENGTH DATA ELEMENTS--GENERAL INFORMATION | |
| fixed length control field | 090517t xxu||||| |||| 00| 0 eng d |
| 082 ## - DEWEY DECIMAL CLASSIFICATION NUMBER | |
| Classification number | 910.4 |
| Item number | BEA |
| Edition number | 22 |
| 245 00 - TITLE STATEMENT | |
| Title | Living Landscapes : |
| Remainder of title | The World's Most Beautiful PlacesThe World's Most Beautiful Places / |
| Statement of responsibility, etc | HDenvironments.com (Firm) |
| 260 ## - | |
| -- | [Sebastapol, CA] : |
| -- | HDenvironments.com, 2007. |
| -- | c2007. |
| 300 ## - PHYSICAL DESCRIPTION | |
| Extent | 1 videodisc : |
| Other physical details | sd., col. ; |
| Dimensions | 4 3/4 in. |
| 336 ## - CONTENT TYPE | |
| Source | rdacontent |
| Content type term | text |
| Content type code | txt |
| 337 ## - MEDIA TYPE | |
| Media type term | unmediated |
| Source | rdamedia |
| Media type code | n |
| 338 ## - CARRIER TYPE | |
| Carrier type term | volume |
| Carrier type code | nc |
| Source | rdacarrier |
| 500 ## - GENERAL NOTE | |
| General note | Designed to create sensory-immersive experiences of the world's most beautiful environments. |
| 538 ## - SYSTEM DETAILS NOTE | |
| System details note | DVD; 5.1 surround sound. |
| 650 ## - SUBJECT ADDED ENTRY--TOPICAL TERM | |
| Topical term or geographic name as entry element | Voyages and travels |
| 9 (RLIN) | 4780 |
| 710 ## - ADDED ENTRY--CORPORATE NAME | |
| 9 (RLIN) | 14125 |
| Corporate name or jurisdiction name as entry element | HDenvironments.com (Firm) |
| 942 ## - ADDED ENTRY ELEMENTS (KOHA) | |
| Source of classification or shelving scheme | Dewey Decimal Classification |
| Koha item type | CD | DVD - (NB) |
| Classification part | RDA-MOD |
| Withdrawn status | Lost status | Source of classification or shelving scheme | Damaged status | Not for loan | Collection code | Home library | Current library | Shelving location | Date acquired | Source of acquisition | Total Checkouts | Full call number | Barcode | Date last seen | Date checked out | Price effective from | Koha item type |
|---|---|---|---|---|---|---|---|---|---|---|---|---|---|---|---|---|---|
| Dewey Decimal Classification | Baccah | Central Library | Central Library | Second Floor | 18/05/2009 | 2 | 910.4 BEA | 000016363 | 24/08/2022 | 01/10/2009 | 18/05/2009 | CD | DVD - (NB) |